[Event "Saratov region-ch Seniors"]
[Site "Saratov"]
[Date "2016.11.05"]
[Round "4.2"]
[White "Raisov, Idris"]
[Black "Upolovnev, Vladimir"]
[Result "1/2-1/2"]
[WhiteElo "2042"]
[BlackElo "1812"]
[PlyCount "120"]
[EventDate "2016.11.04"]
[EventType "swiss"]
[EventRounds "7"]
[EventCountry "RUS"]
[SourceTitle "EXT 2022"]
[Source "ChessBase"]
[SourceDate "2021.10.06"]
[SourceVersion "1"]
[SourceVersionDate "2021.10.06"]
[SourceQuality "1"]

1. d4 d5 2. Nf3 Nf6 3. g3 g6 4. Bg2 Bg7 5. 0-0 0-0 6. c4 c6 7. Nc3 b6 8. Ne5 Bb7 9. h3 e6 10. cxd5 cxd5 11. Bg5 h6 12. Be3 Nc6 13. Nxc6 Bxc6 14. Rc1 Qd7 15. Qd2 Kh7 16. Rc2 Rac8 17. Rfc1 Rfd8 18. Qd3 Ne8 19. h4 f5 20. Bf4 Nf6 21. Be5 b5 22. a3 a6 23. Bf3 Bb7 24. Na2 Qe8 25. Rc7 Rxc7 26. Rxc7 Rd7 27. Qc2 Qe7 28. Rxd7 Qxd7 29. Nb4 Kg8 30. Nd3 Qc8 31. Nc5 Kf7 32. e3 Bf8 33. b4 Qc6 34. Qe2 Bc8 35. Qd1 Be7 36. Be2 Ne4 37. Bd3 Nd6 38. Bxd6 Bxd6 39. f4 h5 40. Qe2 Bd7 41. Qc2 Be8 42. Kf2 Ke7 43. Kf3 Kf6 44. Ke2 Ke7 45. Nb3 Qd7 46. Kd2 Kf7 47. Kc1 Ke7 48. Kb2 Kf7 49. Qc3 Ke7 50. Nd2 Kf6 51. Nf3 Qb7 52. Ne5 Be7 53. Bc2 Bd6 54. Nd3 Ke7 55. Nc5 Qc6 56. Bd3 Kf6 57. Bc2 Ke7 58. a4 Qb6 59. a5 Qc6 60. Bb3 Kf7 1/2-1/2

[Event "Saratov Regional-ch"]
[Site "Saratov"]
[Date "2015.12.06"]
[Round "2"]
[White "Vdovin, Sergey Anatolievich"]
[Black "Upolovnev, Vladimir"]
[Result "0-1"]
[WhiteElo "1844"]
[BlackElo "1861"]
[PlyCount "138"]
[EventDate "2015.12.05"]
[EventType "swiss"]
[EventRounds "9"]
[EventCountry "RUS"]
[SourceTitle "EXT 2017"]
[Source "ChessBase"]
[SourceDate "2016.10.25"]
[SourceVersion "1"]
[SourceVersionDate "2016.10.25"]
[SourceQuality "1"]

1. e4 Nf6 2. e5 Ne4 3. d4 e6 4. Nf3 d5 5. Nfd2 Nxd2 6. Nxd2 c5 7. c3 Nc6 8. Nf3 f6 9. a3 fxe5 10. Nxe5 Nxe5 11. dxe5 Qb6 12. Bd3 Bd7 13. Qh5+ Kd8 14. Bg5+ Kc7 15. Qf7 h6 16. Be3 Qc6 17. b4 c4 18. Be2 Re8 19. a4 Kb8 20. Qf4 Qa6 21. Bd1 Be7 22. 0-0 Ref8 23. Qd4 Bg5 24. f4 Bd8 25. a5 Bb6 26. Qd2 Bxe3+ 27. Qxe3 b5 28. Bg4 Qc8 29. Rf3 h5 30. Bh3 g6 31. Raf1 Rhg8 32. g3 Rf7 33. Bg2 Rgf8 34. Qd4 Qc6 35. h3 Be8 36. g4 Rg8 37. Kf2 Qc8 38. f5 gxf5 39. gxf5 Bc6 40. Bh1 exf5 41. Rf4 Qe6 42. Re1 Bb7 43. Qc5 a6 44. Qd6+ Qxd6 45. exd6 Rd8 46. Re5 Rxd6 47. Rfxf5 Rxf5+ 48. Rxf5 d4 49. Bxb7 Kxb7 50. cxd4 Rxd4 51. Rxh5 Kc7 52. Ke2 Kd7 53. h4 c3 54. Rc5 Rxh4 55. Rxc3 Rxb4 56. Ra3 Rd4 57. Ke3 Rd5 58. Rc3 Rd1 59. Ra3 Kd6 60. Ke2 Rd4 61. Rh3 Kc5 62. Rh6 Rd6 63. Rh4 b4 64. Rh5+ Kc4 65. Rh8 Kb5 66. Rh5+ Ka4 67. Rc5 b3 68. Rh5 b2 69. Rh1 Kb3 0-1

[Event "Saratov Region-ch Seniors"]
[Site "Saratov"]
[Date "2015.11.05"]
[Round "3"]
[White "Upolovnev, Vladimir"]
[Black "Astashina, Galina"]
[Result "1-0"]
[WhiteElo "1869"]
[BlackElo "1709"]
[PlyCount "80"]
[EventDate "2015.11.02"]
[EventType "swiss"]
[EventRounds "7"]
[EventCountry "RUS"]
[SourceTitle "CBM 169 Extra"]
[Source "ChessBase"]
[SourceDate "2015.12.18"]
[SourceVersion "1"]
[SourceVersionDate "2015.12.18"]
[SourceQuality "1"]

1. g3 Nf6 2. Bg2 d5 3. c4 e5 4. e3 c6 5. b3 Be7 6. Bb2 e4 7. Nc3 Be6 8. cxd5 cxd5 9. f3 exf3 10. Nxf3 Nc6 11. Ne2 0-0 12. Ned4 Ne4 13. 0-0 Bf6 14. d3 Nxd4 15. Nxd4 Nd6 16. Qd2 Qd7 17. Nxe6 fxe6 18. Bxf6 Rxf6 19. Rxf6 gxf6 20. e4 Nf7 21. exd5 exd5 22. Qf2 Kg7 23. Rf1 Qd6 24. Qd4 Qe5 25. Qxd5 Qe3+ 26. Kh1 Rd8 27. Qf5 Rd6 28. Qg4+ Qg5 29. Qf3 b6 30. h4 Qe5 31. Qg4+ Kf8 32. Be4 Nh6 33. Qc8+ Qe8 34. Qxe8+ Kxe8 35. Bxh7 Kf7 36. Rf4 Kg7 37. Be4 f5 38. Bxf5 Nxf5 39. Rxf5 Rxd3 40. Kg2 Rd2+ 1-0

[Event "Saratov Regional-ch"]
[Site "Saratov"]
[Date "2014.12.06"]
[Round "1"]
[White "Upolovnev, Vladimir"]
[Black "Biryukov, Dmitriy"]
[Result "0-1"]
[WhiteElo "1909"]
[BlackElo "2278"]
[PlyCount "68"]
[EventDate "2014.12.06"]
[EventType "swiss"]
[EventRounds "9"]
[EventCountry "RUS"]
[SourceTitle "CBM 164 Extra"]
[Source "ChessBase"]
[SourceDate "2015.03.02"]
[SourceVersion "1"]
[SourceVersionDate "2015.03.02"]
[SourceQuality "1"]

1. Nc3 d6 2. d4 g6 3. Bg5 Bg7 4. Qd2 h6 5. Bh4 Nf6 6. e4 g5 7. Bg3 Nh5 8. Nge2 Nc6 9. d5 Ne5 10. Nd4 0-0 11. Be2 Nxg3 12. hxg3 c5 13. dxc6 Nxc6 14. Nxc6 bxc6 15. f4 Qa5 16. Rh5 Qb4 17. e5 gxf4 18. gxf4 Qxb2 19. Rb1 Qa3 20. Rb3 Qc5 21. Bf1 Bg4 22. Rh4 Be6 23. Ne4 Qd5 24. Bd3 dxe5 25. f5 Bxf5 26. c4 Qe6 27. Qf2 Bg6 28. Nc5 Qf6 29. Qg3 e4 30. Nxe4 Qa1+ 31. Rb1 Qxa2 32. Rg4 Rad8 33. Rxg6 fxg6 34. Nc3 Bxc3+ 0-1

[Event "Saratov Shestoperov Memorial"]
[Site "Saratov"]
[Date "2014.06.23"]
[Round "8"]
[White "Palin, Denis"]
[Black "Upolovnev, Vladimir"]
[Result "1-0"]
[WhiteElo "2116"]
[BlackElo "1890"]
[PlyCount "87"]
[EventDate "2014.06.16"]
[EventType "swiss"]
[EventRounds "9"]
[EventCountry "RUS"]
[SourceTitle "CBM 161 Extra"]
[Source "ChessBase"]
[SourceDate "2014.08.29"]
[SourceVersion "1"]
[SourceVersionDate "2014.08.29"]
[SourceQuality "1"]

1. c4 e5 2. Nc3 Nc6 3. g3 d6 4. Bg2 Be6 5. Nd5 Qd7 6. Nf3 h6 7. e4 Nge7 8. d4 f5 9. Nxe7 Nxe7 10. d5 Bf7 11. Bh3 g5 12. exf5 Nxf5 13. Bg4 Bg6 14. h4 Qf7 15. Qa4+ Kd8 16. hxg5 h5 17. Bh3 h4 18. Bg4 h3 19. Rxh3 Bh5 20. Bxh5 Rxh5 21. Rxh5 Qxh5 22. Qd1 Qh1+ 23. Kd2 Qh3 24. Qe2 Bg7 25. Kd3 Kd7 26. Qe4 Qf1+ 27. Kc3 Rf8 28. Nh4 Qxf2 29. Nxf5 Rxf5 30. Be3 Rf3 31. Kd3 Rxg3 32. Rh1 Ke7 33. Rh7 Kf7 34. Rh1 c6 35. Rd1 c5 36. Rd2 Qg1 37. Qf5+ Kg8 38. Qe6+ Kh8 39. Qe8+ Bf8 40. Qxf8+ Kh7 41. Qf2 Qb1+ 42. Kc3 Qc1+ 43. Kb3 Rxe3+ 44. Qxe3 1-0

[Event "Saratov Shestoperov Memorial"]
[Site "Saratov"]
[Date "2014.06.18"]
[Round "3"]
[White "Upolovnev, Vladimir"]
[Black "Lysenko, Margarita"]
[Result "1-0"]
[WhiteElo "1890"]
[BlackElo "1862"]
[PlyCount "154"]
[EventDate "2014.06.16"]
[EventType "swiss"]
[EventRounds "9"]
[EventCountry "RUS"]
[SourceTitle "CBM 161 Extra"]
[Source "ChessBase"]
[SourceDate "2014.08.29"]
[SourceVersion "1"]
[SourceVersionDate "2014.08.29"]
[SourceQuality "1"]

1. g3 d5 2. Bg2 Nf6 3. c4 c6 4. b3 g6 5. Bb2 Bg7 6. Nf3 0-0 7. 0-0 Re8 8. d3 Nbd7 9. cxd5 cxd5 10. d4 b6 11. Nc3 Bb7 12. e3 Rc8 13. Re1 a6 14. Rc1 h6 15. Qd3 Ne4 16. Nd2 Nxc3 17. Bxc3 Nf6 18. Bb2 Qd7 19. Nf3 Rxc1 20. Rxc1 Rc8 21. Ne5 Rxc1+ 22. Bxc1 Qc7 23. Bb2 Nd7 24. Qc3 Qxc3 25. Bxc3 Nxe5 26. dxe5 Kf8 27. Bd4 b5 28. Kf1 e6 29. Ke2 Ke7 30. Kd3 Kd7 31. Bf3 Bf8 32. h4 Be7 33. Kc3 h5 34. Be2 Bc6 35. Bd3 Kc7 36. Kd2 Kb7 37. Ke2 Kc7 38. Kf3 Kd7 39. Kg2 Ke8 40. Kh3 Kf8 41. Be2 Kg7 42. f3 Bd7 43. Bd3 Bc6 44. Kg2 Kg8 45. Kh3 Kg7 46. g4 Kh6 47. Be2 Kg7 48. Kg3 Kh6 49. f4 hxg4 50. Bxg4 Bb7 51. Bc3 Bc6 52. Be1 Bb7 53. Kf3 Bc6 54. Kg2 Bc5 55. Kf2 Be7 56. Ke2 Kg7 57. Kd3 Bb7 58. h5 gxh5 59. Bxh5 Bc6 60. Kd4 b4 61. Bf3 f5 62. exf6+ Bxf6+ 63. Kc5 Bc3 64. Bf2 Bb5 65. Kd6 Kf6 66. Bg4 e5 67. Bh4+ Kf7 68. fxe5 d4 69. exd4 Bxd4 70. Be6+ Ke8 71. Bd5 a5 72. e6 a4 73. Be1 Bc3 74. Bf2 axb3 75. axb3 Bd2 76. Kc5 Be2 77. Bh4 Bh5 1-0

[Event "Saratov Region-ch Seniors"]
[Site "Saratov"]
[Date "2013.11.17"]
[Round "7"]
[White "Upolovnev, Vladimir"]
[Black "Sedov, Yuriy"]
[Result "1-0"]
[WhiteElo "1876"]
[BlackElo "1780"]
[PlyCount "111"]
[EventDate "2013.11.11"]
[EventType "swiss"]
[EventRounds "7"]
[EventCountry "RUS"]
[SourceTitle "EXT 2015"]
[Source "ChessBase"]
[SourceDate "2014.11.20"]
[SourceVersion "1"]
[SourceVersionDate "2014.11.20"]
[SourceQuality "1"]

1. e4 g6 2. d4 Bg7 3. h4 h5 4. Bg5 c5 5. Nf3 Nc6 6. Be3 Qb6 7. Nc3 cxd4 8. Nd5 Qa5+ 9. b4 Qd8 10. Nxd4 e6 11. Nxc6 dxc6 12. Nf4 Bxa1 13. Qxa1 Rh7 14. Bd3 Qf6 15. e5 Qd8 16. b5 Ne7 17. bxc6 Nxc6 18. Be4 Bd7 19. Bxc6 Bxc6 20. Qc3 Qd7 21. 0-0 Kf8 22. Nh3 Qd5 23. f3 b6 24. Bg5 Rh8 25. Bf6 Rg8 26. Rf2 Ke8 27. Kh2 Qc5 28. Qd2 Bd5 29. Ng5 Rc8 30. Ne4 Bxe4 31. fxe4 Qc7 32. Qd1 Rd8 33. Bxd8 Qxd8 34. Qxd8+ Kxd8 35. Rxf7 Kc8 36. Rxa7 Kb8 37. Re7 g5 38. Rxe6 Kc7 39. Rh6 gxh4 40. Rxh5 Rg4 41. Kh3 Rxe4 42. Rxh4 Rxe5 43. Rc4+ Kd6 44. Rc3 b5 45. a3 Kd5 46. g4 Kd4 47. Rg3 Re2 48. c3+ Kc4 49. g5 Ra2 50. g6 Rxa3 51. g7 Ra8 52. Kg4 Rg8 53. Kf5 Re8 54. Kf6 Rg8 55. Kf7 Rxg7+ 56. Kxg7 1-0

[Event "Saratov Region-ch Seniors"]
[Site "Saratov"]
[Date "2013.11.16"]
[Round "6"]
[White "Upolovnev, Vladimir"]
[Black "Tolkanitsa, Vladimir"]
[Result "1-0"]
[WhiteElo "1876"]
[BlackElo "1725"]
[PlyCount "77"]
[EventDate "2013.11.11"]
[EventType "swiss"]
[EventRounds "7"]
[EventCountry "RUS"]
[SourceTitle "EXT 2015"]
[Source "ChessBase"]
[SourceDate "2014.11.20"]
[SourceVersion "1"]
[SourceVersionDate "2014.11.20"]
[SourceQuality "1"]

1. Nf3 f5 2. e4 fxe4 3. Ng5 Nf6 4. d3 e3 5. Bxe3 e5 6. d4 Nc6 7. d5 Nb4 8. Nc3 a5 9. a3 Na6 10. Bd3 Bc5 11. Bxc5 Nxc5 12. Bxh7 d6 13. Bg6+ Ke7 14. Nf7 Qf8 15. Nxh8 Qxh8 16. Bd3 Bg4 17. Be2 Bf5 18. b4 Na6 19. b5 Nc5 20. Qd2 Qh7 21. Bd1 b6 22. h4 g5 23. g4 Bd7 24. h5 Rg8 25. Rg1 Kd8 26. Be2 e4 27. Qd4 Qf7 28. 0-0-0 Re8 29. Rdf1 Re5 30. f4 exf3 31. Rxf3 Qe7 32. Rgf1 Rxe2 33. Qxf6 Qxf6 34. Rxf6 Re3 35. Rf8+ Be8 36. Kd2 Re7 37. Re1 Nd7 38. Rxe7 Kxe7 39. Rf5 1-0

[Event "Saratov Shestoperov Memorial"]
[Site "Saratov"]
[Date "2013.08.18"]
[Round "7"]
[White "Kavyev, Emil"]
[Black "Upolovnev, Vladimir"]
[Result "1/2-1/2"]
[WhiteElo "1728"]
[BlackElo "1860"]
[PlyCount "47"]
[EventDate "2013.08.12"]
[EventType "swiss"]
[EventRounds "9"]
[EventCountry "RUS"]
[SourceTitle "CBM 156 Extra"]
[Source "ChessBase"]
[SourceDate "2013.10.22"]
[SourceVersion "1"]
[SourceVersionDate "2013.10.22"]
[SourceQuality "1"]

1. e4 Nc6 2. d4 d5 3. e5 Bf5 4. f4 e6 5. Nf3 f6 6. Bb5 Qd7 7. 0-0 Nge7 8. Be3 a6 9. Bd3 Bxd3 10. Qxd3 Nf5 11. Bf2 h5 12. Nh4 Nce7 13. Nd2 Nxh4 14. Bxh4 Nf5 15. Nf3 Be7 16. Rae1 Nxh4 17. Nxh4 f5 18. Ng6 Rh6 19. Nxe7 Qxe7 20. Rc1 0-0-0 21. a3 h4 22. b4 Qd7 23. c4 g5 24. c5 1/2-1/2

[Event "Saratov Regional-ch"]
[Site "Saratov"]
[Date "2013.06.07"]
[Round "8"]
[White "Upolovnev, Vladimir"]
[Black "Kavyev, Ruslan"]
[Result "0-1"]
[WhiteElo "1893"]
[BlackElo "1835"]
[PlyCount "88"]
[EventDate "2013.06.01"]
[EventType "swiss"]
[EventRounds "9"]
[EventCountry "RUS"]
[SourceTitle "EXT 2014"]
[Source "ChessBase"]
[SourceDate "2013.11.20"]
[SourceVersion "1"]
[SourceVersionDate "2013.11.20"]
[SourceQuality "1"]

1. e4 e5 2. Nf3 Nc6 3. d4 exd4 4. Bc4 Nf6 5. e5 d5 6. Bb5 Ne4 7. Nxd4 Bd7 8. Bxc6 bxc6 9. 0-0 h6 10. Nd2 Nxd2 11. Bxd2 Bc5 12. Nb3 Bb6 13. Bb4 Qg5 14. Kh1 0-0-0 15. f4 Qg4 16. Qd2 Bf5 17. a4 a6 18. a5 Ba7 19. Bc5 Kb8 20. Qd4 Bxc5 21. Nxc5 Bc8 22. Ra3 Qe2 23. Qg1 Rhe8 24. Rf2 Qc4 25. Rc3 Qd4 26. Nb3 Qb4 27. Qf1 Bb7 28. Rd2 f6 29. h3 fxe5 30. fxe5 Rxe5 31. Rd4 Qe7 32. Rd1 Rf8 33. Qg1 Re2 34. Nd4 Ref2 35. Nf3 Re2 36. Nd4 Ref2 37. Nf3 Re2 38. Nd4 Re5 39. Nxc6+ Bxc6 40. Rxc6 Ref5 41. Qd4 Qe2 42. Rg6 Rf1+ 43. Rxf1 Rxf1+ 44. Kh2 Qe1 0-1

[Event "Saratov Regional-ch"]
[Site "Saratov"]
[Date "2013.06.02"]
[Round "2"]
[White "Upolovnev, Vladimir"]
[Black "Vdovin, Sergey Anatolievich"]
[Result "0-1"]
[WhiteElo "1893"]
[BlackElo "1675"]
[PlyCount "102"]
[EventDate "2013.06.01"]
[EventType "swiss"]
[EventRounds "9"]
[EventCountry "RUS"]
[SourceTitle "EXT 2014"]
[Source "ChessBase"]
[SourceDate "2013.11.20"]
[SourceVersion "1"]
[SourceVersionDate "2013.11.20"]
[SourceQuality "1"]

1. d4 Nf6 2. c4 e6 3. Nc3 Bb4 4. Bg5 c5 5. a3 Bxc3+ 6. bxc3 Qa5 7. Bd2 0-0 8. f3 d6 9. e4 e5 10. Bd3 Nbd7 11. Ne2 Re8 12. 0-0 Nf8 13. Qc2 Qc7 14. f4 Bg4 15. fxe5 dxe5 16. d5 Nh5 17. h3 Bxe2 18. Bxe2 Ng3 19. Rf2 Nxe2+ 20. Rxe2 Nd7 21. Rf1 Qd6 22. Qb1 Qa6 23. Qb5 Qxb5 24. cxb5 a5 25. Ref2 f6 26. Rf3 Nb6 27. Rg3 Nc4 28. Bc1 Rf8 29. Re1 a4 30. b6 Ra6 31. Bh6 Rf7 32. Be3 Nxe3 33. Rgxe3 Rxb6 34. c4 Rd7 35. Rd1 Rdd6 36. Rdd3 Rb2 37. Rc3 Kf7 38. Kh2 g5 39. Kg3 h5 40. Kf3 Rdb6 41. Re2 Rxe2 42. Kxe2 Rb2+ 43. Kf3 Rb3 44. Re3 Ke7 45. Ke2 Rb2+ 46. Kf1 Rc2 47. Re1 Rxc4 48. Rb1 Rxe4 49. Rxb7+ Kd6 50. Rb6+ Kxd5 51. Rxf6 Rf4+ 0-1

[Event "Saratov-ch"]
[Site "Saratov"]
[Date "2013.03.02"]
[Round "6"]
[White "Dmitriev, Igor"]
[Black "Upolovnev, Vladimir"]
[Result "1-0"]
[WhiteElo "2297"]
[BlackElo "1894"]
[PlyCount "59"]
[EventDate "2013.02.25"]
[EventType "swiss"]
[EventRounds "9"]
[EventCountry "RUS"]
[SourceTitle "CBM 153 Extra"]
[Source "ChessBase"]
[SourceDate "2013.04.22"]
[SourceVersion "1"]
[SourceVersionDate "2013.04.22"]
[SourceQuality "1"]

1. g3 Nf6 2. c4 c5 3. Bg2 g6 4. Nc3 Bg7 5. Rb1 0-0 6. d3 Nc6 7. Bg5 b6 8. Qd2 Bb7 9. Bh6 e6 10. Bxg7 Kxg7 11. b3 d5 12. Nh3 Qd7 13. cxd5 exd5 14. 0-0 d4 15. Ne4 Nxe4 16. dxe4 Rae8 17. Nf4 Ne7 18. Rfc1 f5 19. exf5 Nxf5 20. Bxb7 Qxb7 21. b4 cxb4 22. Rxb4 Qe7 23. Rbc4 Rd8 24. Rc7 Rd7 25. Rxd7 Qxd7 26. Rc7 Rf7 27. Rxd7 Rxd7 28. e4 Ne7 29. Ne6+ Kf7 30. Nxd4 1-0

[Event "Saratov-ch"]
[Site "Saratov"]
[Date "2013.02.28"]
[Round "4"]
[White "Tolkanitsa, Vladimir"]
[Black "Upolovnev, Vladimir"]
[Result "0-1"]
[WhiteElo "1754"]
[BlackElo "1894"]
[PlyCount "73"]
[EventDate "2013.02.25"]
[EventType "swiss"]
[EventRounds "9"]
[EventCountry "RUS"]
[SourceTitle "CBM 153 Extra"]
[Source "ChessBase"]
[SourceDate "2013.04.22"]
[SourceVersion "1"]
[SourceVersionDate "2013.04.22"]
[SourceQuality "1"]

1. e4 Nf6 2. Nc3 d5 3. e5 Nfd7 4. d4 e6 5. Be3 c5 6. Nf3 Nc6 7. Be2 cxd4 8. Bxd4 a6 9. Qd2 Nxd4 10. Qxd4 Bc5 11. Qg4 0-0 12. 0-0 f5 13. exf6 Nxf6 14. Qh4 Qc7 15. Bd3 b5 16. Rae1 Bd6 17. Ng5 h6 18. Nxe6 Bxe6 19. Rxe6 Rae8 20. Rfe1 Rxe6 21. Rxe6 Be5 22. Nd1 Ra8 23. Bg6 a5 24. g3 b4 25. Kg2 Rd8 26. f4 Bd4 27. Bd3 Ba7 28. Ne3 Kf7 29. Rxf6+ gxf6 30. Qxh6 Qb6 31. Qg6+ Kf8 32. Qh6+ Ke8 33. Qh5+ Kd7 34. Nxd5 Qf2+ 35. Kh3 Bd4 36. Be4 Kd6 37. Qh7 0-1

[Event "Saratov op 07"]
[Site "Saratov"]
[Date "2012.07.10"]
[Round "7"]
[White "Upolovnev, Vladimir"]
[Black "Sayapin, Dmitry"]
[Result "1-0"]
[WhiteElo "1861"]
[BlackElo "1675"]
[PlyCount "67"]
[EventDate "2012.07.02"]
[EventType "swiss"]
[EventRounds "9"]
[EventCountry "RUS"]
[SourceTitle "CBM 149 Extra"]
[Source "ChessBase"]
[SourceDate "2012.08.24"]
[SourceVersion "1"]
[SourceVersionDate "2012.08.24"]
[SourceQuality "1"]

1. e4 c6 2. d4 d5 3. e5 Bf5 4. Ne2 e6 5. Ng3 Ne7 6. Bd3 Bxd3 7. Qxd3 Ng6 8. f4 Be7 9. 0-0 0-0 10. Nd2 c5 11. c3 c4 12. Qe2 Nc6 13. f5 exf5 14. Nxf5 b5 15. Nf3 b4 16. Bd2 a5 17. g3 Qd7 18. Ne1 Rae8 19. Nc2 Qa7 20. Kh1 Qb7 21. Nce3 Qa8 22. Qg2 bxc3 23. bxc3 Bg5 24. h4 Bxe3 25. Nxe3 Nce7 26. h5 Nh8 27. Bc1 Rd8 28. Ba3 Rfe8 29. Rab1 Qc6 30. Bc5 Qh6 31. Qf3 g6 32. g4 Qg5 33. Rg1 a4 34. Rb6 1-0

[Event "Saratov Region-ch"]
[Site "Saratov"]
[Date "2012.06.05"]
[Round "8"]
[White "Upolovnev, Vladimir"]
[Black "Fedukin, Alexandre"]
[Result "1/2-1/2"]
[WhiteElo "1864"]
[BlackElo "1908"]
[PlyCount "117"]
[EventDate "2012.05.29"]
[EventType "swiss"]
[EventRounds "9"]
[EventCountry "RUS"]
[SourceTitle "CBM 148 Extra"]
[Source "ChessBase"]
[SourceDate "2012.06.22"]
[SourceVersion "1"]
[SourceVersionDate "2012.06.22"]
[SourceQuality "1"]

1. e4 e6 2. d4 d5 3. Nc3 dxe4 4. Nxe4 Bd7 5. Bd3 Bc6 6. Nf3 Nd7 7. 0-0 Ngf6 8. Nxf6+ Nxf6 9. c3 Be4 10. Bg5 Bxd3 11. Qxd3 c6 12. Ne5 h6 13. Bh4 Be7 14. f4 Nd5 15. Bg3 0-0 16. f5 Bg5 17. fxe6 fxe6 18. Rxf8+ Qxf8 19. Rf1 Bf6 20. Qe2 Qe8 21. Kh1 Bxe5 22. Bxe5 Qg6 23. Qf3 Nf6 24. Bxf6 Rf8 25. Qe2 Rxf6 26. Re1 Qf5 27. h3 Qf2 28. Kh2 Kf7 29. b3 Qxe2 30. Rxe2 Rf1 31. Kg3 Rc1 32. Re3 b5 33. a4 bxa4 34. bxa4 Ra1 35. Re5 Rxa4 36. Rc5 Ra6 37. Kf4 Ke7 38. Ke5 Kd7 39. g4 Ra1 40. c4 a5 41. h4 a4 42. Ra5 Re1+ 43. Kf4 Ra1 44. Ke5 Re1+ 45. Kf4 Rd1 46. Ke5 Re1+ 47. Kf4 Kd6 48. Rxa4 e5+ 49. dxe5+ Rxe5 50. h5 Rg5 51. Ra7 Ke6 52. Rc7 Kd6 53. Ra7 Ke6 54. Rc7 Kd6 55. Ra7 Ke6 56. Rc7 Kd6 57. Ra7 Ke6 58. Rc7 Kd6 59. Ra7 1/2-1/2

[Event "Saratov Region-ch"]
[Site "Saratov"]
[Date "2012.06.03"]
[Round "6"]
[White "Upolovnev, Vladimir"]
[Black "Bolychevsky, Alexander"]
[Result "1-0"]
[WhiteElo "1864"]
[BlackElo "1881"]
[PlyCount "33"]
[EventDate "2012.05.29"]
[EventType "swiss"]
[EventRounds "9"]
[EventCountry "RUS"]
[SourceTitle "CBM 148 Extra"]
[Source "ChessBase"]
[SourceDate "2012.06.22"]
[SourceVersion "1"]
[SourceVersionDate "2012.06.22"]
[SourceQuality "1"]

1. e4 e6 2. d4 d5 3. Nd2 c5 4. Bb5+ Nc6 5. Ngf3 dxe4 6. Nxe4 Bd7 7. dxc5 Qa5+ 8. Nc3 Bxc5 9. 0-0 Nf6 10. a3 Qb6 11. Bg5 h6 12. Bxf6 gxf6 13. Qe2 0-0-0 14. Na4 Bxf2+ 15. Rxf2 Qa5 16. Nc5 Be8 17. Ne4 1-0

[Event "Saratov Region-ch"]
[Site "Saratov"]
[Date "2012.05.29"]
[Round "1"]
[White "Kvitka, Roman"]
[Black "Upolovnev, Vladimir"]
[Result "1-0"]
[WhiteElo "2082"]
[BlackElo "1864"]
[PlyCount "51"]
[EventDate "2012.05.29"]
[EventType "swiss"]
[EventRounds "9"]
[EventCountry "RUS"]
[SourceTitle "CBM 148 Extra"]
[Source "ChessBase"]
[SourceDate "2012.06.22"]
[SourceVersion "1"]
[SourceVersionDate "2012.06.22"]
[SourceQuality "1"]

1. e4 c5 2. Nf3 Qc7 3. Nc3 a6 4. g3 e6 5. Bg2 b5 6. 0-0 Bb7 7. Re1 Ne7 8. d4 cxd4 9. Nxd4 Ng6 10. h4 Bc5 11. h5 Ne7 12. Be3 0-0 13. Qg4 d6 14. h6 g6 15. Qh4 Bxd4 16. Bxd4 f5 17. Rad1 Nbc6 18. Bg7 Rf7 19. Qg5 Rd8 20. exf5 Rxf5 21. Qe3 Ne5 22. Ne4 Nd5 23. Qb3 Qc4 24. Nxd6 Rxd6 25. Bxe5 Rc6 26. Rxd5 1-0